00323nam a2200121Ia 4500008004100000020001800041041000800059082002700067100001400094245004700108260003700155300000900192230411s9999 xx 000 0 und d a81-8448-545-X aeng aCH/610.7343/CLE/B06581 aClement I aBasic Concepts of Community Health Nursing bJaypee BrothersaNew Delhic2009 a624p